000 00949nam a22002897a 4500
001 9623
003 FISKH
005 20260126124203.0
008 260126b cb ||||| |||| 00| 0 eng d
020 _a9780140449112
040 _aFISKH
_beng
_cFISKH
_dFISKH
050 _aPA4025 .A5 .E6
082 _a883.01
100 _aHomer
245 _a The odyssey /
_cBy Homer : Translated by E.V. Rieu , Revised translation by D.C.H. Rieu , Introduction by Peter Jones
260 _aLondon :
_bPenguin Books ,
_c1946 .
300 _a348 pages :
_billustrations ;
_c20 cm .
505 _aV
520 _aA Greek epic tells of the adventures of the hero Odysseus during his perilous and protracted journey home from the Trojan War.
521 8 _a830
_bLexile
521 8 _aV
_bRaz-Plus
650 _aMythology
_vFiction
650 _aPoetry
_vFiction
700 _aRieu , E.V.
_eTranslator
942 _2ddc
_cBK
_n0
999 _c9623
_d9623